000 00907nam a22002657i 4500
003 URS
005 20251001091326.0
008 180628s1989 ph ||||| |||| 00| 0 eng d
020 _a0070388326
040 _erda
_curs
_beng
050 1 4 _aKF9084
_b.L944 1989
100 1 _aLovenheim, Peter
_4author
245 1 0 _aMediate, don't litigate :
_bhow to resolve disputes quickly, privately, and inexpensively without going to court /
_c Peter Lovenheim
264 1 _c1989.
264 1 _aNew York :
_bMcGraw-Hill Publishing Company,
_c[date of publication not identified].
264 4 _c©1989
300 _aix, 290 pages ;
_b24 cm
336 _2rdacontent
_atext
337 _2rdamedia
_aunmediated
338 _2rdacarrier
_avolume
504 _aIncludes bibliographical references and index.
650 0 _aDispute resolution (Law)
_zUnited States
650 0 _aMediation
_zUnited States
942 _cFR
_2lcc
999 _c72618
_d72617